| 000 | 00896cam a22002654a 4500 | ||
|---|---|---|---|
| 001 | 13395660 | ||
| 005 | 20231101141001.0 | ||
| 008 | 031105s2004 ii a b 001 0 eng | ||
| 020 | _a0761998462 (USHB) | ||
| 020 | _a0761998470 (USPB) | ||
| 020 | _a8178293633 (IndiaHB) | ||
| 020 | _a8178293641 (IndiaPB) | ||
| 040 |
_aDLC _cDLC _dDLC |
||
| 082 | 0 | 0 |
_a658.3/125 _222 |
| 100 | 1 | _aVenkateswara Rao, T. | |
| 245 | 1 | 0 |
_aPerformance management and appraisal systems : _bHR tools for global competitiveness / _cT.V. Rao. |
| 260 |
_aNew Delhi ; _aThousand Oaks : _bResponse Books, a division of Sage Publications, _c2004. |
||
| 300 | _axix, 330 p. : | ||
| 650 | 0 | _aPersonnel management. | |
| 650 | 0 | _aPerformance | |
| 650 | 0 | _aEmployees | |
| 856 | 4 | 1 | _uhttp://www.loc.gov/catdir/toc/ecip0411/2003024363.html |
| 856 | 4 | 2 | _uhttp://www.loc.gov/catdir/enhancements/fy0657/2003024363-d.html |
| 942 | _cBK | ||
| 999 |
_c5 _d5 |
||